University Home | Library Home | Institutional Repository

English writings of Hu Shih 2: (Record no. 216384)

MARC details
000 -LEADER
fixed length control field 00728nam a22002297a 4500
005 - DATE AND TIME OF LATEST TRANSACTION
control field 20260302115151.0
008 - FIXED-LENGTH DATA ELEMENTS--GENERAL INFORMATION
fixed length control field 260302b ||||| |||| 00| 0 eng d
020 ## - INTERNATIONAL STANDARD BOOK NUMBER
International Standard Book Number 9787513514903
040 ## - CATALOGING SOURCE
Original cataloging agency LC
Transcribing agency UNZA
Modifying agency RDA
Description conventions RDA
050 ## - LIBRARY OF CONGRESS CALL NUMBER
Classification number B 5231
Item number SHI 2012
100 ## - MAIN ENTRY--PERSONAL NAME
Personal name Shih, Hu
Dates associated with a name 1891 - 1962
245 ## - TITLE STATEMENT
Title English writings of Hu Shih 2:
Remainder of title Chinese Philosophy and intellectual History/
Statement of responsibility, etc. Hu Shih, edited by Chih-ping Chou
250 ## - EDITION STATEMENT
Edition statement First Edition
260 ## - PUBLICATION, DISTRIBUTION, ETC.
Place of publication, distribution, etc. Beijing:
Name of publisher, distributor, etc. Foreign Language Teaching and Research Press,
Date of publication, distribution, etc. 2012.
300 ## - PHYSICAL DESCRIPTION
Extent 488 pages
336 ## - CONTENT TYPE
CONTENT TYPE Text
337 ## - MEDIA TYPE
MEDIA TYPE Unmediated
338 ## - CARRIER TYPE
CARRIER TYPE Edition
650 ## - SUBJECT ADDED ENTRY--TOPICAL TERM
Topical term or geographic name entry element Philosophy, Chinese
650 ## - SUBJECT ADDED ENTRY--TOPICAL TERM
Topical term or geographic name entry element China --
General subdivision Intellectual life --
Chronological subdivision 20th Century
999 ## -
-- 216384
-- 216384
942 ## - ADDED ENTRY ELEMENTS (KOHA)
Koha item type Book
Holdings
Withdrawn status Lost status Source of classification or shelving scheme Damaged status Not for loan Home library Current library Shelving location Date acquired Total Checkouts Full call number Barcode Date last seen Copy number Price effective from Koha item type
    Library of Congress Classification     Confucius Library Confucius Library On Shelf 03/02/2026   B 5231 SHI 2012 33729001526594 03/02/2026 C.1 03/02/2026 Book
© 2026 - The University of Zambia Library - Koha v25.11